LEADER 01217nam a2200265 i 4500 001 000000143218 003 CaOOAMICUS 005 20100928000000.0 008 100928s1963 it u000 u ita u 013 $a118576 040 $aSeMil$bita 100 1 $aPierce, John Robinson.$0(OLS)http://semarc/name/53298 240 10$aSymbols, signals and noise.$0(OLS)http://semarc/title/209620 245 13$aLa teoria dell'informazione :$bsimboli, codici, messaggi /$cJohn R. Pierce. 260 $aMilano :$bEdizioni scientifiche e tecniche Mondadori,$c1963. 300 $a303 p. ;$c21 cm. 490 0 $aBiblioteca di ricerca scientifica ;$v2 650 4$aTeoria dell'informazione.$0(OLS)http://semarc/subject/20304 650 4$aInformazione - Saggi.$0(OLS)http://semarc/subject/24853 830 0$aBiblioteca di ricerca scientifica ;$v2.$0(OLS)http://semarc/title/31961 850 $aSeMil 852 $aSeMil$W1$xVenegono$y1$m3M III 217$j96345$B96345$CSeMilBibl$Z2$F155064 $81 961 $aOmaggio: Altro 996 $6245$aLa teoria dell'informazione :$bsimboli, codici, messaggi$9(OLS)http://semarc/title/209619 996 $6260$aMilano :$bEdizioni scientifiche e tecniche Mondadori$9(OLS)http://semarc/publisher/33994 LEADER 01264nam a2200301 i 4500 001 000000175243 003 CaOOAMICUS 005 20081117000000.0 008 081117s2008 it u000 u ita u 013 $a152720 020 $a978-88-89913-82-6 040 $aSeMil$bita 100 1 $aSiri, Giuseppe,$c.$0(OLS)http://semarc/name/1364 245 10$aOmelie per l'anno liturgico /$cCard. Giuseppe Siri ; a cura di Antonio Filipazzi. 260 $aVerona :$bFede & cultura,$c2008. 300 $a297 p. ;$c22 cm. 490 0 $aCollana spirituale ;$v13 500 $aDono del card. Dionigi Tettamanzi. 650 4$aSiri, Giuseppe - Omelie.$0(OLS)http://semarc/subject/33426 700 1 $aFilipazzi, Antonio.$0(OLS)http://semarc/name/65374 830 0$aCollana spirituale ;$v13.$0(OLS)http://semarc/title/26741 850 $aSeMil 852 $aSeMil$W1$xVenegono$y1$m2F III 368$j126066$B126066$CSeMilBibl$Z2$F137436 $81 941 1 $a5 961 $aOmaggio: Tettamanzi Card. Dionigi 996 $6020$a978-88-89913-82-6$9(OLS)http://semarc/number/163438 996 $6245$aOmelie per l'anno liturgico$9(OLS)http://semarc/title/251308 996 $6260$aVerona :$bFede & cultura$9(OLS)http://semarc/publisher/34752 LEADER 01273nam a2200301 i 4500 001 000000245093 003 CaOOAMICUS 005 20150921000000.0 008 150921s2011 it u000 u ita u 013 $a223998 020 $a978-88-6190-116-2 040 $aSeMil$bita 100 1 $aPetruzzelli, Pino,$d<1962- >.$0(OLS)http://semarc/name/64990 245 14$aGli ultimi /$cPino Petruzzelli ; [prefazione di don Andrea Gallo]. 246 04$iTitolo in copertina:$aVivere fuori dal coro 260 $aMilano :$bChiarelettere,$c2011. 300 $aXV, 201 p. ;$c20 cm. 490 0 $aReverse : pamphlet, documenti, storie 650 4$aSocietà - Sec. 21.$0(OLS)http://semarc/subject/17308 700 1 $aGallo, Andrea,$c.$0(OLS)http://semarc/name/42606 830 0$aReverse.$0(OLS)http://semarc/title/25066 850 $aSeMil 852 $aSeMil$W1$xVenegono$y1$m3N VI 408$j195439$B195439$CSeMilBibl$Z2$F207455 $81 961 $aOmaggio: Perego don Stefano 996 $6020$a978-88-6190-116-2$9(OLS)http://semarc/number/253591 996 $6245$aGli ultimi$9(OLS)http://semarc/title/346856 996 $6246$aVivere fuori dal coro$9(OLS)http://semarc/title/346857 996 $6260$aMilano :$bChiarelettere$9(OLS)http://semarc/publisher/35000 LEADER 01293nam a2200241 i 4500 001 000000229045 003 CaOOAMICUS 005 20140423000000.0 008 140423s1901 gw u000 u lat u 013 $a207947 040 $aSeMil$bita 245 10$aM. Minucii Felicis Octavius et s. Joannis Chrysostomi Demonstratio quod Christus sit Deus :$baccedit anonymi viri apostolici Epistola ad Diognetum. 250 $aEd. altera. 260 $aLondini :$bDavid Nutt,$c1901. 300 $a207 p. ;$c14 cm. 490 0 $aSanctorum patrum opuscula selecta : ad usum praesertim studiosorum theologiae ;$v15 700 1 $aMinucius Felix, Marcus,$d.$0(OLS)http://semarc/name/21254 700 0 $aIoannes : Chrysostomus,$c.$0(OLS)http://semarc/name/1428 830 0$aSanctorum patrum opuscula selecta : ad usum praesertim studiosorum theologiae ;$v15.$0(OLS)http://semarc/title/40477 850 $aSeMil 852 $aSeMil$W1$xVenegono$y1$m2ZA XI 14 FA$j179391$B179391$CSeMilBibl$Z2$F190490 $8I 996 $6245$aM. Minucii Felicis Octavius et s. Joannis Chrysostomi Demonstratio quod Christus sit Deus :$baccedit anonymi viri apostolici Epistola ad Diognetum$9(OLS)http://semarc/title/327713 996 $6260$aLondini :$bDavid Nutt$9(OLS)http://semarc/publisher/45092 LEADER 00436nab a2200145 i 4500 001 000000286001 003 CaOOAMICUS 005 20180831165324.0 008 180831n xx uu u0 0und r 013 $a39558 040 $aSeMil$bita 245 10$a[SENZA TITOLO]. - 15 p. :$bill. 500 $aAprile-Giugno 2004. 773 0 $t2003-2007.$dMilano : [s.n.], 2007.$w()240680 996 $6245$a[SENZA TITOLO]. - 15 p. :$bill.$9(OLS)http://semarc/title/366435